000 nam a22 7a 4500
999 _c129812
_d129812
008 190905b xxu||||| |||| 00| 0 eng d
050 _aSPC. DT1.T50
_bM397
100 _aMashandudze, Simbarashe
_948078
245 _aModels and modelling
_bepistemic representation of economic models
_cSimbarashe Mashanduke
260 _aHarare
_bArrupe Jesuit University
_c2019
300 _aiii, 100p. ;
_c31cm.
500 _aThesis
650 _aEconomics
_948079
650 _aEconomics
_xModels
_948080
942 _2lcc
_cSPC